Dictionnaire de droit pénal général et procédure pénale / (Record no. 1340)

MARC details
000 -LEADER
fixed length control field 01160cam a2200337Ma 4500
001 - CONTROL NUMBER
control field ocn316255673
003 - CONTROL NUMBER IDENTIFIER
control field TZ-ArACH
005 - DATE AND TIME OF LATEST TRANSACTION
control field 20110923103225.0
008 - FIXED-LENGTH DATA ELEMENTS--GENERAL INFORMATION
fixed length control field 090113s2008 fr b 000 0 fre d
020 ## - INTERNATIONAL STANDARD BOOK NUMBER
International Standard Book Number 9782729839079
035 ## - SYSTEM CONTROL NUMBER
System control number (OCoLC)316255673
040 ## - CATALOGING SOURCE
Original cataloging agency LGG
Transcribing agency TZ-ArACH
Modifying agency CDX
041 ## - LANGUAGE CODE
Language code of text/sound track or separate title Fre
043 ## - GEOGRAPHIC AREA CODE
Geographic area code e-fr---
049 ## - LOCAL HOLDINGS (OCLC)
Holding library TZAA
050 #4 - LIBRARY OF CONGRESS CALL NUMBER
Classification number KJV7977.2
Item number .B49
082 04 - DEWEY DECIMAL CLASSIFICATION NUMBER
Classification number 345.440/03
100 1# - MAIN ENTRY--PERSONAL NAME
Personal name Beziz-Ayache, Annie.
9 (RLIN) 2124
245 10 - TITLE STATEMENT
Title Dictionnaire de droit pénal général et procédure pénale /
Statement of responsibility, etc Annie Beziz-Ayache.
250 ## - EDITION STATEMENT
Edition statement 4e éd. enrichie et mise à jour.
260 ## - PUBLICATION, DISTRIBUTION, ETC. (IMPRINT)
Place of publication, distribution, etc Paris :
Name of publisher, distributor, etc Ellipses,
Date of publication, distribution, etc 2008.
300 ## - PHYSICAL DESCRIPTION
Extent 313 p.
490 1# - SERIES STATEMENT
Series statement Dictionnaires de droit
504 ## - BIBLIOGRAPHY, ETC. NOTE
Bibliography, etc Includes bibliographical references (p. 303-304).
650 #0 - SUBJECT ADDED ENTRY--TOPICAL TERM
Topical term or geographic name as entry element Criminal law
Geographic subdivision France
Form subdivision Dictionaries.
9 (RLIN) 2125
650 #0 - SUBJECT ADDED ENTRY--TOPICAL TERM
Topical term or geographic name as entry element Droit pénal
Geographic subdivision France
Form subdivision Dictionnaires français
9 (RLIN) 2127
650 #0 - SUBJECT ADDED ENTRY--TOPICAL TERM
Topical term or geographic name as entry element Procédure pénal
Geographic subdivision France
Form subdivision Dictinnaires
9 (RLIN) 2128
830 #0 - SERIES ADDED ENTRY--UNIFORM TITLE
Uniform title Dictionnaires de droit.
9 (RLIN) 2126
942 ## - ADDED ENTRY ELEMENTS (KOHA)
Source of classification or shelving scheme Library of Congress Classification
Koha item type Books
Holdings
Home library Current library Shelving location Date acquired Full call number Barcode Koha item type Serial Enumeration / chronology
African Court on Human and Peoples' Rights Library African Court on Human and Peoples' Rights Library   23/09/2011 KJV7977.2 .B49 1001358X Books  
African Court on Human and Peoples' Rights Library African Court on Human and Peoples' Rights Library   04/10/2017 KJV7977 .B49   Books 10228551

African Court on Human and Peoples' Rights | For Inquiries Contact » +255 272 510 510